Statistics for Guess the City from the Airport code

Click here to take the quiz!

General Stats

  • This quiz has been taken 59 times
    (15 since last reset)
  • The average score is 11 of 15

Answer Stats

Country (Airport Code)Answer% Correct
SOUTH AFRICA (CPT)Cape Town
100%
USA (LAX)Los Angeles
100%
AUSTRALIA (SYD)Sydney
100%
MALAYSIA (KUL)Kuala Lumpur
89%
DENMARK (CPH)Copenhagen
89%
NEW ZEALAND (CHC)Christchurch
89%
CHINA (PEK)Beijing
89%
VIETNAM (HAN)Hanoi
89%
HAWAII (IATA)Honolulu
78%
KENYA (NBO)Nairobi
78%
UAE (AUH)Abu Dhabi
67%
GERMANY (TXL)Berlin
67%
ZIMBABWE (IATA)Harare
44%
BRAZIL (BSB)Brazilia
22%
SLOVENIA (ICAO)Bled
11%

Score Distribution

Percentile by Number Answered

Percent of People with Each Score

Your Score History

You have not taken this quiz since the last reset